00660 2200265 4500001002100000005001500021035002000036007000300056008003900059020001600098082000800114084001400122100001000136245003900146250001400185260004100199300003800240990001800278990001800296990001800314990001800332990001800350990001800368990000800386INLIS00000000000144820181113093104 a0010-1018000086ta181113 | | |  a979418063-7 a813 a813 HAM d0 aHamka1 aDi Bawah Lindungan Ka'bah /cHamka aCet.29.-- aJakarta :bPT. Bulan Bintang,c2003. a80 hlm. :bilus. ;c14,5 x 21 cm. a480/P/BN/2003 a481/P/BN/2003 a475/P/BN/2003 a476/P/BN/2003 a474/P/BN/2003 a477/P/BN/2003 a482